000 00873nam a2200181Ia 4500
008 100920s9999 xx 000 0 und d
082 _b59827
_a891.43 थ 92
100 _aयादव राजेंद्र.
245 _aकांटे की बात -3 गुलामी का आनंद और स्वतंत्रता के खतरे.
260 _bअक्षर प्रकाशन, दिल्ली.
_c1992
300 _a158
_bसाधी
365 _b25
520 _aहिंदी.
630 _aकांटे की बात -3 गुलामी का आनंद और स्वतंत्रता के खतरे.
650 _aहिंदी.
730 _aकांटे की बात -3 गुलामी का आनंद और स्वतंत्रता के खतरे.
942 _cBOOK
999 _c703186
_d703183